000 00374nam a2200157Ia 4500
999 _c10793
_d10793
008 191201s2011 xx 000 0 und d
082 _a515
_bYAA
100 _aJAIN, M.L.
245 0 _aAdvanced Calculus
250 _a18th
260 _aNew Delhi
_bJeevansons Pub.
_c2021
300 _aMisc
650 _aBA GEN
700 _aYADAV, R.S. and others
942 _2ddc
_cBK
_09